|
|
|
|
| LEADER |
01396nam a22003734a 4500 |
| 001 |
EBC165346 |
| 003 |
MiAaPQ |
| 005 |
20200520144314.0 |
| 006 |
m o d | |
| 007 |
cr cn||||||||| |
| 008 |
980423s1998 enk sb 001 0 eng c |
| 010 |
|
|
|z 98149947
|
| 020 |
|
|
|z 0415178878
|
| 035 |
|
|
|a (MiAaPQ)EBC165346
|
| 035 |
|
|
|a (Au-PeEL)EBL165346
|
| 035 |
|
|
|a (CaPaEBR)ebr10017804
|
| 035 |
|
|
|a (CaONFJC)MIL18218
|
| 035 |
|
|
|a (OCoLC)70765041
|
| 040 |
|
|
|a MiAaPQ
|c MiAaPQ
|d MiAaPQ
|
| 050 |
|
4 |
|a HB117.5.A2
|b A46 1998
|
| 082 |
0 |
4 |
|a 330.15/09469
|2 21
|
| 100 |
1 |
|
|a Almodovar, Antonio.
|
| 245 |
1 |
2 |
|a A history of Portuguese economic thought
|h [electronic resource] /
|c Antonio Almodovar and Jose Luis Cardoso.
|
| 260 |
|
|
|a London ;
|a New York :
|b Routledge,
|c 1998.
|
| 300 |
|
|
|a vi, 144 p.
|
| 490 |
1 |
|
|a Routledge history of economic thought
|
| 504 |
|
|
|a Includes bibliographical references (p. [127]-137) and indexes.
|
| 533 |
|
|
|a Electronic reproduction. Ann Arbor, MI : ProQuest, 2015. Available via World Wide Web. Access may be limited to ProQuest affiliated libraries.
|
| 650 |
|
0 |
|a Economics
|z Portugal
|x History.
|
| 655 |
|
4 |
|a Electronic books.
|
| 700 |
1 |
|
|a Cardoso, Jose Luis.
|
| 710 |
2 |
|
|a ProQuest (Firm)
|
| 830 |
|
0 |
|a Routledge history of economic thought series.
|
| 856 |
4 |
0 |
|u https://ebookcentral.proquest.com/lib/matrademy/detail.action?docID=165346
|z Click to View
|